Medical-surgical nursing/ (Record no. 8118)

MARC details
000 -LEADER
fixed length control field 00868nam a22002417a 4500
003 - CONTROL NUMBER IDENTIFIER
control field OSt
005 - DATE AND TIME OF LATEST TRANSACTION
control field 20260202062258.0
008 - FIXED-LENGTH DATA ELEMENTS--GENERAL INFORMATION
fixed length control field 260202b |||||||| |||| 00| 0 eng d
020 ## - INTERNATIONAL STANDARD BOOK NUMBER
International Standard Book Number 0-7817-1694-X
040 ## - CATALOGING SOURCE
Original cataloging agency DWC-Main lib.
Transcribing agency OC
082 ## - DEWEY DECIMAL CLASSIFICATION NUMBER
Edition number 3rd ed.
Classification number Circ. 610.73076 H224m 2001
100 ## - MAIN ENTRY--PERSONAL NAME
Personal name Huttel-Hangrove, Ray A.
245 ## - TITLE STATEMENT
Title Medical-surgical nursing/
Statement of responsibility, etc. Ray A. Hangrove-Huttel
250 ## - EDITION STATEMENT
Edition statement 3rd ed.
260 ## - PUBLICATION, DISTRIBUTION, ETC.
Place of publication, distribution, etc. Philadelphia :
Name of publisher, distributor, etc. Lippincott's Williams & Wilkins,
Date of publication, distribution, etc. c2001
300 ## - PHYSICAL DESCRIPTION
Extent xiv, 667 p. ;
Dimensions 22 cm.
504 ## - BIBLIOGRAPHY, ETC. NOTE
Bibliography, etc. note Includes bibliographical references & index.
650 ## - SUBJECT ADDED ENTRY--TOPICAL TERM
Topical term or geographic name entry element 1. Nursing - Examinations, questions, etc.
650 ## - SUBJECT ADDED ENTRY--TOPICAL TERM
Topical term or geographic name entry element 2. Nursing - Outlines, syllabi etc.
650 ## - SUBJECT ADDED ENTRY--TOPICAL TERM
Topical term or geographic name entry element 3. Surgical nursing - Examinations, questions, etc.
650 ## - SUBJECT ADDED ENTRY--TOPICAL TERM
Topical term or geographic name entry element 4. Surgical nursing - Outlines, syllabi, etc.
942 ## - ADDED ENTRY ELEMENTS (KOHA)
Source of classification or shelving scheme Dewey Decimal Classification
Koha item type Book Circulation
Edition 3rd ed.
Classification part Circ.
Suppress in OPAC No
952 ## - LOCATION AND ITEM INFORMATION (KOHA)
--
952 ## - LOCATION AND ITEM INFORMATION (KOHA)
--
952 ## - LOCATION AND ITEM INFORMATION (KOHA)
--
Holdings
Withdrawn status Lost status Source of classification or shelving scheme Damaged status Not for loan Home library Current library Shelving location Date acquired Source of acquisition Cost, normal purchase price Total Checkouts Full call number Barcode Date last seen Copy number Price effective from Koha item type Uniform Resource Identifier
    Dewey Decimal Classification     College Library HM & Nursing Library Circulation 07/28/2004 School Fund 395.00   Circ. 610.73076 H224m 2001 CL40724 02/02/2026 c3 02/02/2026 BK-CIRC
    Dewey Decimal Classification     College Library HM & Nursing Library Circulation 07/28/2004 School Fund 395.00   Circ. 610.73076 H224m 2001 CL40723 02/02/2026 c2 02/02/2026 BK-CIRC
    Dewey Decimal Classification     College Library HM & Nursing Library Circulation 07/28/2004 School Fund 395.00   Circ. 610.73076 H224m 2001 CL40722 02/02/2026 c1 02/02/2026 BK-CIRC